000 00826cam a22002171 4500
001 f 01003088
003 DLC
005 20260227111245.0
008 870417m18991907ru ac 000 0dfre
010 _af 01003088
040 _aDLC/ICU
_cICU
_dDLC
050 0 0 _aQA3
_b.C48
100 1 _aChebyshev, P. L.
_q(Pafnutiĭ Lʹvovich),
_d1821-1894.
245 1 0 _aŒuvres de P.L. Tchebychef,
_cpubliées par les soins de MM. A. Markoff et N. Sonin ...
260 _aSt. Pétersbourg,
_bCommissionaires de l'Académie impériale des sciences,
_c1899-1907.
300 _a2 v.
_bfronts. (ports.) diagrs.
_c30 cm.
500 _aNotice biographique par C.A. Possé traduit par Mme. C. Jossa: v. 2, vi p.
650 0 _aMathematics.
700 1 _aMarkov, A. A.
_q(Andreĭ Andreevich),
_d1856-1922,
_eed.
700 1 _aSonin, N.,
_d1849-
_eed.
999 _c22998
_d22998